000 00518nam a2200217Ia 4500
003 OSt
005 20220928145238.0
006 a|||||r|||| 00| 0
007 ta
008 220927b |||||||| |||| 00| 0 eng d
024 _a79623
037 _cTextual
040 _aSDCL
_cSDCL
_beng
041 _2eng
_aeng
082 _aQ1:24, L3
100 _aChitrita Devi
_9512251
245 0 _aUpanisads for all
260 _c1973
942 _hQ1:24, L3
_cTEXL
_2CC
999 _c832703
_d832703